000 00752nam a22002057a 4500
999 _c4280
_d4280
003 AR-CdUCM
008 190308b ||||| |||| 00| 0 spa d
040 _aMUNICIPALIDAD PROVINCIAL DEL CUSCO
_cBIBLIOTECA MUNICIPAL DEL CUSCO
082 _a793.317 /
_bO73
100 _aOrtiz Oderigo, Nestor
_913526
245 _aCalunga :
_bcroquis del candombe /
260 _aBuenos Aires :
_bUniversitaria,
_c1969.
300 _a82 páginas ;
_bfotografías.
_c19 cm.
505 _aApologistas y detractores del candombe -- Fisonomía de candombe -- la música del camdombe -- Poesía del candombe...
650 _aCandombe.
_913527
650 _aMusica candombe.
_913528
650 _aPoesía candombe.
_913529
942 _2ddc
_cLIBROS
945 _awfj
_d2019-03-08